000 00649 a2200193 4500
010 _aENG-89263
020 _c185.00
_a8125031693
035 _aEN-72796
037 _bDBAD / PUB
082 1 4 _a198.9092
090 _c10662
_d10662
100 1 _aPalmer, Donald D.
245 1 _aKierkegaard for beginners /
_cby Donald D. Palmer
260 _aNew Delhi
_bOrient Longman
_c2007
270 _a1/24, Asaf Ali Road,
_bNew Delhi
_e110 002
_mdelgeneral@orientlongman.com
300 _a150p.
_c24cm (pbk)
_bill.
942 _adpl
_cEN
_k198.9092 / PAL
999 _c10368
_d10368